000 00939nam a2200289Ia 4500
003 OSt
005 20251117161119.0
008 210210b2005 xxu||||| |||| 00| 0 eng d
020 _a8128003542
040 _cAL
041 _aKannada
082 _aK894.8 MAHR
100 _aMAHABALESHVARA BHATTA (T) Ed
_dಮಹಾಬಲೇಶ್ವರ ಭಟ್ಟ (ಟಿ)
_9245994
245 _aRangadhama: Padmashri K V Subbanna abhinandana grantha
_bರಂಗಧಾಮ: ಪದ್ಮಶ್ರೀ ಕೆ.ವಿ.ಸುಬ್ಬಣ್ಣ ಅಭಿನಂದನ ಗ್ರಂಥ
260 _aBengaluru
_bSapna book house
_c2005
300 _a560
650 _aVi
_9245995
650 _aSubbanna
_9245996
650 _aRangadhama
_9245997
650 _aPadmashri
_9245998
650 _aKe
_9245999
650 _agrantha
_9246000
650 _aabhinandana
_9246001
690 _aKannada Collections
_9246002
906 _a063938
942 _2ddc
_cBK
999 _c139249
_d139249